00695 2200229 4500001002100000005001700021008004100038035002500079040001200104082001100116090001700127100002800144245012400172260004100296300003300337650001100370850001200381990001800393990001800411990001800429990001800447YOGYA-0209000007136220160218074550.0 ind  a0010-020900000071362 aYOPDYOG a297.64 a297.64 Jam M aJAMAL, Ibrahim Muhammad aMawar di bawah kaki TuhanbJejak-jejak wanita dalm al-quran dan sunnah antarasoleha dan tolehahcIbrahim Muhammad Jamal aJakartabRaja Grafindo Persadac2006 axii, 194 hlm.bilus.c19 cm. aWanita aYOPDYOG a34268-PD/A.08 a34267-PD/A.08 a34266-PD/A.08 a34265-PD/A.08